Online Catalogue and eLibrary

Women in post- independence Srilanka (Record no. 8)

MARC details
000 -LEADER
fixed length control field 00379nam a22001457a 4500
005 - DATE AND TIME OF LATEST TRANSACTION
control field 20231114052306.0
008 - FIXED-LENGTH DATA ELEMENTS--GENERAL INFORMATION
fixed length control field 231114b |||||||| |||| 00| 0 eng d
082 ## - DDC Classification
DDC Edition Number 22
Class No. 305
Item Number - Author Mark WOM
245 ## - TITLE STATEMENT
Title Women in post- independence Srilanka
250 ## - EDITION STATEMENT
Edition statement 1st.
260 ## - PUBLICATION, DISTRIBUTION, ETC.
Place of publication, distribution, etc. New delhi :
Name of publisher, distributor, etc. Vijitha yapa publication
Date of publication, distribution, etc. 2002
300 ## - PHYSICAL DESCRIPTION
Extent (e.g. Volumes, Pages etc.) 371 p.
700 ## - ADDED ENTRY--PERSONAL NAME
Personal name Jayawardhana, Swarana.
Relator term (Role) Editor
942 ## - Koha item type (Biblio)
Koha item type Books in Stacks (Lending)
Holdings
Lost status Damaged status Collection code Home library Current library Shelving location Date acquired Full call number Accession Number Item type
    Lending WERC Library WERC Library History & Geography Cupboard 11/14/2023 305 WOM 4589 Books in Stacks (Lending)

© WERC Library